| 000 | 00671nam a2200217 u 4500 | ||
|---|---|---|---|
| 005 | 20230310063617.0 | ||
| 008 | 110211s2006 mx r 000 0 spa d | ||
| 020 | _a9789685962506 | ||
| 035 | _aUPN01000179370 | ||
| 049 | _aCG | ||
| 050 | 4 |
_aPR6056 O4.4 _bP4.4 |
|
| 100 | 1 |
_aFollet, Ken, _d1949- _931039 |
|
| 245 | 1 | 4 |
_aLos pilares de la Tierra / _cKen Follett ; tr. Rosalía Vázquez. |
| 260 |
_aMéxico : _bDebolsillo, _c2006. |
||
| 300 | _a1403 p. | ||
| 440 | 0 |
_aBiblioteca ; _v98.8 |
|
| 534 |
_pTítulo original: _tThe pillars of the earth |
||
| 650 | 4 |
_aNovela inglesa _94471 |
|
| 650 | 4 |
_aCATEDRALES - _xDISEÑO Y CONSTRUCCION - _vNOVELA _918257 |
|
| 905 | _aLibro | ||
| 999 |
_c151473 _d151473 |
||